Lataa...

Cadmium in the environment /

Bibliografiset tiedot
Muut tekijät: Nriagu, Jerome O. (Toimittaja)
Aineistotyyppi: Printed Book
Kieli:English
Julkaistu: New York : John Wiley, 1981.
Sarja:Pt.2
LEADER 00469nam a2200145Ia 4500
008 150624b xxu||||| |||| 00| 0 eng d
082 |a 577.1 
245 |a Cadmium in the environment / 
260 |a New York :  |b John Wiley,  |c 1981. 
300 |a 908 p. 
490 |a Pt.2 
700 |a Nriagu, Jerome O.  |e editor. 
942 |c BK 
999 |c 36334  |d 36334 
952 |0 0  |1 0  |4 0  |6 577_100000000000000_NRI_C_2  |7 0  |9 36333  |a UL  |b UL  |c SEC  |d 1998-09-07  |l 0  |o 577.1 NRI/C.2  |p 52010  |r 2012-10-27  |w 2012-10-27  |y BK